000 00547nam a22001697a 4500
005 20231103071834.0
008 231103b |||||||| |||| 00| 0 eng d
041 _aEnglish
082 _a346.6 EMM
100 _aEmmett, E and Barlow, TB
_lEnglish
245 _aPrinciples of South African Company Law /
_cE Emmett and TB Barlow
250 _aSixth Edition
260 _aCape Town :
_bJuta and Company Ltd,
_c1969
300 _bxxxiii, 377 pages ;
_c22,5 cm.
650 _aLegal practice
_bLaw
942 _cBK
_6ALISON_BN_VRIES
999 _c275
_d275